[Event "Gibraltar Masters"]
[Site "Caleta ENG"]
[Date "2011.01.26"]
[Round "2"]
[White "Robson, Ray"]
[Black "Aerni, Andi"]
[Result "1-0"]
[WhiteTitle "GM"]
[WhiteElo "2532"]
[BlackElo "2182"]
[WhiteFideId "2023970"]
[BlackFideId "1313185"]
[EventDate "2011.01.25"]

1. e4 d5 2. exd5 Qxd5 3. Nf3 Bg4 4. Be2 Nc6 5. d4 O-O-O 6. c4 Qh5 7. Be3 Nf6 8.
Nbd2 e5 9. d5 Nd4 10. Nxd4 exd4 11. Bxg4+ Nxg4 12. Bxd4 Re8+ 13. Kf1 Nxh2+ 14.
Kg1 Qxd1+ 15. Rxd1 Ng4 16. f3 Nh6 17. Rxh6 gxh6 18. Bxh8 Bc5+ 19. Kf1 Rxh8 20.
Ne4 Be7 21. d6 f5 22. dxe7 fxe4 23. f4 Re8 24. Rd8+ Rxd8 25. exd8=Q+ Kxd8 26.
Ke2 Ke7 27. Ke3 h5 28. Kxe4 Ke6 29. g3 1-0

[Event "Gibraltar Masters"]
[Site "Caleta ENG"]
[Date "2011.01.26"]
[Round "2"]
[White "Dasaolu, Adeoye"]
[Black "Dittmar, Peter"]
[Result "1/2-1/2"]
[BlackTitle "FM"]
[WhiteElo "2107"]
[BlackElo "2328"]
[WhiteFideId "416061"]
[BlackFideId "4602064"]
[EventDate "2011.01.25"]

1. c4 e6 2. g3 d5 3. Bg2 Nf6 4. Nf3 dxc4 5. Qa4+ Nbd7 6. O-O a6 7. Qxc4 b5 8.
Qc2 Bb7 9. d4 c5 10. Nc3 Rc8 11. dxc5 Bxc5 12. a3 Qb6 13. Bd2 O-O 14. Rac1 Qa7
15. Qb1 h6 16. b4 Bb6 17. a4 bxa4 18. Nxa4 Be4 19. Qb2 Rxc1 20. Qxc1 Qb7 21.
Nxb6 Nxb6 22. Qa1 Nbd5 23. Rc1 Rc8 24. Rxc8+ Qxc8 25. Qd4 Qc2 26. Ne1 Qd1 27. f3
e5 28. Qb2 Bb1 29. e4 Ne3 30. Qc1 Qxc1 1/2-1/2

[Event "Gibraltar Masters"]
[Site "Caleta ENG"]
[Date "2011.01.26"]
[Round "2"]
[White "Forsaa, Espen"]
[Black "Kulaots, Kaido"]
[Result "0-1"]
[WhiteTitle "FM"]
[BlackTitle "GM"]
[WhiteElo "2306"]
[BlackElo "2577"]
[WhiteFideId "1504436"]
[BlackFideId "4500261"]
[EventDate "2011.01.25"]

1. e4 c5 2. Nf3 d6 3. d4 cxd4 4. Nxd4 Nf6 5. Nc3 a6 6. Bg5 Nc6 7. Qd2 e6 8.
O-O-O Bd7 9. f4 b5 10. Bxf6 gxf6 11. Nxc6 Bxc6 12. f5 Qa5 13. Kb1 b4 14. Ne2
Bxe4 15. fxe6 fxe6 16. Nf4 Qe5 17. Bd3 f5 18. Bxe4 fxe4 19. Qd4 Qxd4 20. Rxd4 e5
21. Rxe4 a5 22. Nd5 Rb8 23. a3 bxa3 24. b3 Be7 25. Rf1 Kd7 26. Ka2 Rhf8 27. Rxf8
Rxf8 28. Re2 Bg5 29. Kxa3 Kc6 30. c4 Kc5 31. Kb2 Kd4 32. Kc2 a4 33. bxa4 Kxc4
34. Nc3 Bd8 35. Re4+ Kc5 36. Kd3 Kc6 37. Rc4+ Kd7 38. Nd5 Ke6 39. Ne3 Bb6 40.
Rh4 Rf7 41. Rh6+ Kd7 42. Nc4 Bc5 43. g3 Rf1 44. a5 Rd1+ 45. Ke2 Rc1 46. Rxh7+
Kc6 47. Nd2 Bb4 48. Rh8 Ra1 49. Nc4 Kc5 50. Ne3 Bxa5 51. Rc8+ Kb5 52. Rc2 Bb6
53. Nd5 Bc5 54. Nc3+ Kc4 55. Ne4+ Kd4 56. Nd2 Ra3 57. Nf3+ Kd5 58. Ng5 Bd4 59.
Rd2 e4 60. Ne6 Kxe6 61. Rxd4 Ke5 62. Rd2 d5 63. Rb2 d4 0-1

[Event "Gibraltar Masters"]
[Site "Caleta ENG"]
[Date "2011.01.26"]
[Round "2"]
[White "Jones, Gawain C B"]
[Black "Bellon Lopez, Juan Manuel"]
[Result "0-1"]
[WhiteTitle "GM"]
[BlackTitle "GM"]
[WhiteElo "2593"]
[BlackElo "2404"]
[WhiteFideId "409561"]
[BlackFideId "2200031"]
[EventDate "2011.01.25"]

1. e4 c5 2. Nc3 g6 3. f4 Bg7 4. Nf3 Nc6 5. Bb5 Nd4 6. O-O Nxb5 7. Nxb5 d5 8. e5
a6 9. Nc3 e6 10. d4 cxd4 11. Ne2 Ne7 12. Nexd4 Bd7 13. a4 Rc8 14. b3 Nc6 15. Ba3
Qb6 16. Kh1 Nxd4 17. Nxd4 Bf8 18. Bxf8 Kxf8 19. g4 Qc7 20. Qe2 Re8 21. Rae1 Qc3
22. Rd1 Qc7 23. Rd3 Re7 24. Re3 Ke8 25. Qf2 b5 26. axb5 Bxb5 27. Ra1 Qb6 28. c3
Kd7 29. f5 Qb8 30. f6 Ree8 31. c4 dxc4 32. Rd1 Kc8 33. bxc4 Ba4 34. Rd2 Rd8 35.
Qf3 Rxd4 36. Rxd4 Qb1+ 37. Kg2 Qb2+ 38. Kg3 Qxd4 39. Ra3 Qg1+ 40. Kh3 h5 41. g5
Qg4+ 42. Qxg4 hxg4+ 43. Kxg4 Bc6 44. Rxa6 Kb7 45. Ra2 Rd8 46. Rc2 Be4 47. Rb2+
Kc7 48. c5 Rd4 49. Kg3 Rc4 50. Re2 Bc2 51. h4 Rxc5 52. Re3 Kb6 53. Ra3 Rxe5 54.
Ra8 Rd5 55. Rf8 Rd7 56. Kf4 Kc7 57. Ke5 Bf5 58. Re8 Kc6 59. Rc8+ Kb6 60. Rb8+
Kc5 61. Rc8+ Kb5 62. Re8 Rd5+ 63. Kf4 Kc6 64. Ke3 Rd7 65. Ra8 Rd3+ 66. Kf4 Rd4+
67. Ke3 Re4+ 68. Kf3 Rxh4 69. Ra7 Rh7 70. Kf4 Bd3 71. Ke5 Bb5 72. Re7 Kc5 73.
Ra7 Bc6 74. Rc7 Rh5 75. Kf4 e5+ 0-1

[Event "Gibraltar Masters"]
[Site "Caleta ENG"]
[Date "2011.01.26"]
[Round "2"]
[White "Kandic, Milan"]
[Black "Andersen, Mads"]
[Result "0-1"]
[BlackTitle "FM"]
[WhiteElo "2143"]
[BlackElo "2410"]
[WhiteFideId "926752"]
[BlackFideId "1413864"]
[EventDate "2011.01.25"]

1. e4 c5 2. Nf3 e6 3. d3 Nc6 4. Qe2 g6 5. g3 Bg7 6. Bg2 Nge7 7. h4 h6 8. Nbd2 e5
9. Nc4 d6 10. Bd2 Be6 11. a4 Qd7 12. a5 O-O 13. h5 g5 14. c3 f5 15. exf5 Bxf5
16. Ne3 Be6 17. O-O d5 18. Rfe1 Rae8 19. Nh2 Kh8 20. Nc2 Ng8 21. Be3 d4 22. Bd2
Nf6 23. b4 c4 24. b5 Nd8 25. Nb4 Bf5 26. dxc4 Qc7 27. Nd5 Nxd5 28. Bxd5 e4 29.
cxd4 Bxd4 30. Ra3 Bc5 31. Rb3 Ne6 32. Bxe6 Bxe6 33. Be3 Bd6 34. Bd4+ Kg8 35.
Qxe4 Bf7 36. Qb1 Rxe1+ 37. Qxe1 Qxc4 38. Rb1 Qxd4 39. Rd1 Qe5 40. Qxe5 Bxe5 41.
Ng4 Bxh5 0-1

[Event "Gibraltar Masters"]
[Site "Caleta ENG"]
[Date "2011.01.26"]
[Round "2"]
[White "Ikonnikov, Vyacheslav"]
[Black "Getz, Nicolai"]
[Result "1-0"]
[WhiteTitle "GM"]
[BlackTitle "FM"]
[WhiteElo "2580"]
[BlackElo "2334"]
[WhiteFideId "4100972"]
[BlackFideId "1505572"]
[EventDate "2011.01.25"]

1. d4 Nf6 2. Nf3 e6 3. c4 d5 4. Nc3 Be7 5. Bg5 h6 6. Bxf6 Bxf6 7. e3 O-O 8. cxd5
exd5 9. Bd3 c5 10. dxc5 Bxc3+ 11. bxc3 Nd7 12. O-O Nxc5 13. Nd4 Qg5 14. Kh1 Bg4
15. Qd2 Qf6 16. f3 Bd7 17. g4 Rfe8 18. Rg1 Ne6 19. f4 Nxd4 20. cxd4 Qh4 21. g5
Bg4 22. Rg3 hxg5 23. Qg2 Bd7 24. Rxg5 Rxe3 25. Rxg7+ Kf8 26. Rg8+ Ke7 27. Rxa8
Bg4 28. Kg1 Bh3 29. Qg5+ Qxg5+ 30. fxg5 Rxd3 31. Rxa7 Rxd4 32. Rxb7+ Kd6 33. Rb3 1-0

[Event "Gibraltar Masters"]
[Site "Caleta ENG"]
[Date "2011.01.26"]
[Round "2"]
[White "Jones, Richard S."]
[Black "Havik, Victor"]
[Result "1-0"]
[WhiteTitle "FM"]
[WhiteElo "2361"]
[BlackElo "2107"]
[WhiteFideId "1800833"]
[BlackFideId "1506757"]
[EventDate "2011.01.25"]

1. e4 e5 2. Nf3 Nc6 3. Bb5 a6 4. Ba4 Nf6 5. O-O Be7 6. Re1 b5 7. Bb3 d6 8. c3
O-O 9. h3 Nb8 10. d4 Nbd7 11. Nbd2 Bb7 12. Bc2 Re8 13. Nf1 Bf8 14. Ng3 g6 15. b3
c6 16. Bg5 h6 17. Be3 Qc7 18. Qd2 h5 19. Bh6 Be7 20. Nf5 Nh7 21. Nxe7+ Rxe7 22.
Rad1 Re6 23. dxe5 Nxe5 24. Nd4 Ree8 25. f4 Rad8 26. Qf2 Nd7 27. Nf5 Ndf8 28. Ng7
Re7 29. f5 Nd7 30. Nxh5 Ne5 31. Qh4 1-0

[Event "Gibraltar Masters"]
[Site "Caleta ENG"]
[Date "2011.01.26"]
[Round "2"]
[White "Bergstrom, Rolf"]
[Black "Scholzen, Wolfgang"]
[Result "0-1"]
[WhiteTitle "FM"]
[WhiteElo "2307"]
[BlackElo "2057"]
[WhiteFideId "1702386"]
[BlackFideId "24637629"]
[EventDate "2011.01.25"]

1. e4 e5 2. Nc3 Nc6 3. Nf3 Nf6 4. Bb5 Bb4 5. O-O O-O 6. d3 d6 7. Ne2 a6 8. Bxc6
bxc6 9. Ng3 Bg4 10. h3 Bxf3 11. Qxf3 Ne8 12. Qg4 Kh8 13. f4 Bc5+ 14. Kh1 exf4
15. Bxf4 Rb8 16. Rab1 Bd4 17. c3 Bf6 18. d4 Rb5 19. a4 Rb3 20. Qe2 Qb8 21. Qxa6
Rxb2 22. Rxb2 Qxb2 23. Qxc6 Bh4 24. Nf5 Bf6 25. e5 Qc2 26. Ne3 0-1

[Event "Gibraltar Masters"]
[Site "Caleta ENG"]
[Date "2011.01.26"]
[Round "2"]
[White "Mikhalevski, Victor"]
[Black "Kantans, Toms"]
[Result "1/2-1/2"]
[WhiteTitle "GM"]
[BlackTitle "FM"]
[WhiteElo "2579"]
[BlackElo "2342"]
[WhiteFideId "2801914"]
[BlackFideId "11602945"]
[EventDate "2011.01.25"]

1. d4 Nf6 2. c4 g6 3. g3 Bg7 4. Bg2 O-O 5. Nf3 d6 6. O-O Nc6 7. Nc3 a6 8. Re1
Rb8 9. Rb1 e5 10. d5 Na5 11. Nd2 c5 12. b3 b5 13. Qc2 b4 14. Nd1 Nb7 15. e4 Nh5
16. Bf3 f5 17. exf5 Bxf5 18. Ne4 Nf6 19. Nb2 Qd7 20. Nd3 Nd8 21. Bg2 Nf7 22. Kh1
Rbe8 23. f3 Nxe4 24. fxe4 Bh3 25. Nf2 Bxg2+ 26. Kxg2 Bh6 27. Rf1 Bxc1 28. Qxc1
Kg7 29. Qe3 a5 30. h4 Nh6 31. Qe2 a4 32. Nh3 Qg4 33. Qd3 axb3 34. axb3 Nf7 35.
Qf3 Qxf3+ 36. Rxf3 h6 37. Rbf1 Ra8 38. g4 Ra2+ 39. Kg3 Re2 40. h5 gxh5 41. gxh5
Rxe4 42. Kh2 Rg4 43. Rf6 Kg8 44. Nf2 Rf4 45. Rg1+ Ng5 46. Rxh6 Rxf2+ 47. Kh1
R8f5 48. Rg6+ Kh7 49. R1xg5 Rxg5 50. Rxg5 Rf6 51. Rg3 Kh6 52. Kg2 Kxh5 53. Rh3+
Kg6 54. Rh8 e4 55. Kg3 Rf3+ 56. Kg4 Rxb3 57. Rd8 e3 58. Rxd6+ Kf7 59. Kf5 e2 60.
Rf6+ Kg7 61. Rg6+ Kh7 62. Re6 Rf3+ 63. Kg5 Rc3 64. Rxe2 Kg7 65. Re7+ Kf8 66. Rb7
Rf3 67. Rc7 b3 68. Rxc5 Ke7 69. Rc6 b2 70. Rb6 Rc3 71. Kf5 Rxc4 72. Ke5 Rc2 73.
Rb7+ Kd8 74. Kd6 Kc8 75. Rb3 Re2 76. Kc6 Rc2+ 77. Kd6 1/2-1/2

[Event "Gibraltar Masters"]
[Site "Caleta ENG"]
[Date "2011.01.26"]
[Round "2"]
[White "Vogel, Jaap"]
[Black "Fier, Alexandr"]
[Result "1/2-1/2"]
[WhiteTitle "FM"]
[BlackTitle "GM"]
[WhiteElo "2207"]
[BlackElo "2571"]
[WhiteFideId "1000764"]
[BlackFideId "2107139"]
[EventDate "2011.01.25"]

1. Nf3 Nf6 2. g3 g6 3. Bg2 Bg7 4. d4 O-O 5. O-O d6 6. c4 Nbd7 7. Nc3 e5 8. dxe5
dxe5 9. h3 c6 10. Be3 Qe7 11. Qc2 Nc5 12. Rad1 Bf5 13. Qc1 a5 14. b3 Rfe8 15. g4
Bc8 16. Ng5 Ne6 17. Nxe6 Bxe6 18. Bg5 Qf8 19. Be3 Qe7 20. Bg5 Qc7 21. c5 Rf8 22.
Rd3 Nd7 23. Na4 Rae8 24. e4 f5 25. f3 Bf6 26. Be3 Bh4 27. Rfd1 Bg3 28. Nb6 Nf6
29. Rd6 Qe7 30. Bg5 fxe4 31. fxe4 Bf4 32. Bxf4 exf4 33. e5 Nxg4 34. hxg4 f3 35.
Nd7 Bxd7 36. Rxd7 Qh4 37. Qc4+ Kh8 38. e6 fxg2 39. Qd4+ Rf6 40. Kxg2 Rxe6 41.
Rd8+ Kg7 42. Rd7+ Kg8 43. Rd8+ Rf8 44. Rxf8+ Kxf8 45. Qh8+ Kf7 46. Rf1+ Rf6 47.
Rxf6+ Qxf6 48. Qxh7+ Ke6 49. Qxb7 Qb2+ 50. Kg3 Qc3+ 51. Kh4 Qf6+ 52. Kg3 Qe5+
53. Kh4 Qxc5 54. Qc8+ Kf7 55. Qd7+ Kf6 56. Qd2 Qe5 57. Qd8+ Kg7 58. g5 c5 59.
Qd7+ Kf8 60. Qd8+ Kf7 61. Qd7+ Qe7 62. Qd5+ Kf8 63. Kg4 Qc7 64. a4 Qb6 65. Kf4
Ke7 66. Qe5+ Kf7 67. Qd5+ Ke7 1/2-1/2